Contabilidad: información y control en las empresas
Saved in:
| Main Author: | |
|---|---|
| Format: | Book |
| Language: | Spanish |
| Published: |
Santiago
Jurídica ConoSur
1997
|
| Edition: | 2a. ed |
| Subjects: | |
| Tags: |
Add Tag
No Tags, Be the first to tag this record!
|
MARC
| LEADER | 00000nam a2200000 a 4500 | ||
|---|---|---|---|
| 001 | UCS4541 | ||
| 003 | CL-VaPUC | ||
| 008 | 970808e19970000CL |||||||||||||||||spa|d | ||
| 082 | 0 | 4 | |a 657 |b TOR |2 21 |
| 100 | |a Torres Salazar, Gabriel |e autor |9 602032 | ||
| 245 | 1 | 0 | |a Contabilidad: información y control en las empresas |
| 250 | |a 2a. ed | ||
| 300 | |a 324 p | ||
| 942 | |c BK | ||
| 945 | |d 19970808 00:00:00 |a rleighto | ||
| 260 | |a Santiago |b Jurídica ConoSur |c 1997 | ||
| 650 | 0 | |a Contabilidad |9 261430 | |
| 650 | 0 | |a Empresas |9 255569 | |
| 650 | 0 | |a Teneduría de libros |9 307201 | |
| 650 | 7 | |a ESTADOS FINANCIEROS |2 CL-VaPUC |9 390395 | |
| 650 | 0 | |a Sistemas contables |9 386031 | |
| 650 | 0 | |a Corrección monetaria |9 371636 | |
| 583 | |a last modification |c 19970808 00:00:00 |k Rodrigo Vera | ||
| 999 | |c 261521 |d 261519 | ||
| 952 | |0 0 |1 0 |4 0 |6 657_000000000000000_TOR_1997 |7 0 |8 A |9 289052 |a BIBGIM |b BIBGIM |d 2019-11-19 |i 333676K |o 657 TOR 1997 |p 333676K |r 2025-01-15 |w 2019-11-19 |y BK |k COM | ||
| 952 | |0 0 |1 0 |4 0 |6 657_000000000000000_TOR_1997 |7 0 |8 A |9 289053 |a BIBGIM |b BIBGIM |d 2019-11-19 |i 3336778 |o 657 TOR 1997 |p 3336778 |r 2025-01-15 |w 2019-11-19 |y BK |k COM | ||